000 00537nam a2200169 a 4500
001 000024572
005 20200930023238.0
008 110131s1969 sp ac r 000 0 spa d
040 _aDO-SdBNP
_bspa
_cBNPHU
082 _axxxxx
_bS211e
100 1 _aSánchez de León, P. Luis
_950384
245 1 0 _aEn el camino de Jesucristo :
_btercer curso /
_cP. Luis Sánchez de León.
260 _aLeón, España :
_bEverest,
_c1969.
300 _a174 p. :
_bil., retrs. ;
_c21 cm.
500 _aIncluye notas al pie de las páginas.
049 _aBNGR
999 _c24065
_d24065